00523cam a2200145 4500008004100000020001500041035002000056050002100076100002300097245009900120260005100219300001500270504005100285650004100336120305n 000 0 eng u a0877450706 a(Sirsi) a175660 aPN 4801 DES 1978 aDesmond, Robert W. aThe information process: world news reporting to the twentieth century /cby Robert W. Desmond aIowa City: bUniversity of Iowa Press, c1978. axiv, 495p. aIncludes bibliographical references and index. aInformation process -- New reporting